Normal view
MARC view
- Hen's Pen
Entry Topical Term
001 - CONTROL NUMBER
- control field: 123048
003 - CONTROL NUMBER IDENTIFIER
- control field: NUST
005 - DATE AND TIME OF LATEST TRANSACTION
- control field: 20240529104600.0
008 - FIXED-LENGTH DATA ELEMENTS
- fixed length control field: 240529|| aca||aabn | a|a d
040 ## - CATALOGING SOURCE
- Original cataloging agency: NUST
- Transcribing agency: NUST
150 ## - HEADING--TOPICAL TERM
- Topical term or geographic name entry element: Hen's Pen
670 ## - SOURCE DATA FOUND
- Source citation: Work cat.: (NUST): Cox, Roxbee, Phil 123047, Hen's Pen, 2006.
